| 000 | 00708nam a2200217 i 4500 | ||
|---|---|---|---|
| 001 | 18156 | ||
| 003 | ES-MaACL | ||
| 005 | 20250603170557.0 | ||
| 007 | t| | ||
| 008 | 010928s1970 sp |||| | spa d | ||
| 080 | _a001(460)"18/19" | ||
| 100 | 0 |
_aTuñón de Lara, Manuel, _d1915-1997 _9111681 |
|
| 245 | 1 | 0 |
_aMedio siglo de cultura española _b: (1885-1936) / _cManuel Tuñón de Lara. |
| 260 |
_aMadrid : _bTecnos, _c[1970] |
||
| 300 |
_a293 p. ; _c24 cm. |
||
| 651 | 4 |
_aEspaña- _xVida intelectual- _yS.XIX. _9138445 |
|
| 651 | 4 |
_aEspaña- _xVida intelectual- _yS.XX _98529 |
|
| 852 |
_aES-MaACL _jAND-94 _z. - Biblioteca Juan Andrade |
||
| 852 |
_aES-MaACL _jC-37633 |
||
| 999 |
_c18156 _d18156 |
||